000 00480nam a2200157 4500
999 _c4742
_d4742
008 160921b xxu||||| |||| 00| 0 eng d
022 _a16565649
082 _aDPer. 303.405 May-Sept 2015 n. 6-10
100 _915058
_aChan, Zachary
245 _aLoyalty through ecosystem/
_cZachary Chan.
260 _aQuezon City:
_bHardware Zone Phils. Corp.,
_c©2015.
300 _av11 i6, page 13;
_c30 cm.
500 _aHWM Philippines.
650 0 _919411
_aEcology
942 _2ddc
_cPER